Robben der Welt - Statistiken

Allgemein
  • Dieses Quiz wurde 26 mal gespielt
  • Das Durchschnittsergebnis liegt bei 9 aus 34
Antwortstatistiken
Gattung Art % Korrekt
Halichoerus Kegelrobbe
86%
Odobenus Walross
77%
Phoca Seehund
68%
Hydrurga Seeleopard
68%
Pusa Baikalrobbe
50%
Mirounga Nördlicher Seeelefant
41%
Pagophilus Sattelrobbe
41%
Mirounga Südlicher Seeelefant
36%
Zalophus Kalifornischer Seelöwe
32%
Cystophora Klappmütze
32%
Otaria Mähnenrobbe
32%
Pusa Ringelrobbe
32%
Leptonychotes Weddellrobbe
27%
Erignathus Bartrobbe
23%
Lobodon Krabbenfresser
23%
Monachus Mittelmeer-Mönchsrobbe
23%
Arctocephalus Neuseeländischer Seebär
23%
Neophoca Australischer Seelöwe
18%
Histriophoca Bandrobbe
18%
Arctocephalus Galapagos-Seebär
18%
Zalophus Galapagos-Seelöwe
18%
Callorhinus Nördlicher Seebär
18%
Arctocephalus Südafrikanischer Seebär
18%
Phocarctos Neuseeländischer Seelöwe
14%
Ommatophoca Ross-Robbe
14%
Eumetopias Stellerscher Seelöwe
14%
Arctocephalus Südamerikanischer Seebär
14%
Neomonachus Hawaii-Mönchsrobbe
9%
Pusa Kaspische Robbe
9%
Arctocephalus Antarktischer Seebär
5%
Arctocephalus Guadalupe-Seebär
5%
Arctocephalus Juan-Fernandez-Seebär
5%
Phoca Largha-Robbe
5%
Arctocephalus Subantarktischer Seebär
5%
Keine übereinstimmenden Quizze gefunden
Verteilung der Resultate
Anzahl Personen mit jedem Resultat
Perzentil nach korrekt beantworteten Fragen
Ihre Resultats-Entwicklung
Sie haben dieses Quiz noch nicht gespielt